Türkiye ile Türk Cumhuriyetleri ve Türk toplulukları arasında yapılan anlaşmalar, ilişkiler ve faaliyetler (Record no. 5390)

MARC details
000 -BAŞLIK
Sabit Uzunlukta Kontrol Alanı 01600na a2200289 4500
001 - KONTROL NUMARASI
Denetim Alanı 18402
003 - KONTROL NUMARASI IDENTIFIER
Denetim Alanı MIRAKIL
005 - SON İŞLEM TARİHİ VE ZAMANI
Denetim Alanı 20181213155035.0
008 - SABİT-BOY VERİ ELEMANLARI - GENEL BİLGİLER
Sabit Uzunlukta Kontrol Alanı 161117b tu 000 0
040 ## - KATALOGLAMA KAYNAK
Orijinal Kataloglama Ajansı Milas
Kataloglama Dili tur
Metne Dönüştürmek Ajansı TR-AnCHP
041 ## - DİL KODU
Metin / Ses Parça Veya Ayrı Başlığın Dil Kodu tur
082 ## - DEWEY ONLU SINIFLANDIRMA NUMARASI
Sınıflandırma Numarası 327.561058
Ürün Numarası T96 1993
090 ## - SINIFLAMA NUMARASI
Sınıflama Numarası 327.561058 T96 1993
245 ## - BAŞLIK TABLOSU
Başlık Türkiye ile Türk Cumhuriyetleri ve Türk toplulukları arasında yapılan anlaşmalar, ilişkiler ve faaliyetler
Sorumluluk Tablosu, Vb hazırlayanlar Tahir Erdoğan Şahin, Fatma Zehra Esmeray, Metin Akgüney
260 ## - YAYIN, DAĞITIM, VB
Yayın, Dağıtım, Vb Yeri Ankara
Yayıncı, Dağıtıcı, Vs Adı MEB
Yayın, Dağıtım, Vb Tarihi 1993
300 ## - FİZİKSEL TANIM
Kapsam c.<1>
Boyutlar 24 sm.
440 ## - SERİSİ TABLOSU / KATMA GİRİŞİ - BAŞLIK
Başlık Milli Eğitim Bakanlığı Talim ve Terbiye Kurulu Başkanlığı Türk Cumhuriyetleri ve Türk Toplulukları Dairesi Yayınları
Hacim / Ardışık Tanımı 1/1
490 ## - SERİSİ TABLOSU
Seri Beyanı Belgeler serisi
Hacim / Ardışık Tanımı 1/1
505 ## - BİÇİMLENDİRİLDİ İÇİNDEKİLER NOT
Biçimlendirilmiş İçeriği Dikkat c. 1 : Türkiye ile Türk Cumhuriyetleri ve Türk toplulukları arasında tek ve çok taraflı olarak yapılan toplantı tutanakları, protokoller, mutabakat zabıtları, anlaşma metinleri,sözleşmeler-1990-1992- c. 2 : T. C. Milli Eğitim Bakanlığı'nın Türk Cumhuriyetleri ve Türk Topluluklarıyla ilgili olarak yapmış olduğu çalışmalar -1990-1993- c. 3 : Çeşitli kurum ve kuruluşların Türk Cumhuriyetleri ve Türk toplulukları ile ilgili olarak yapmış oldukları anlaşmalar ve faaliyetler).
650 ## - KONU KATMA GİRİŞ - TOPİKAL DÖNEM
Topikal Süreli Veya Coğrafi Ad Giriş Elemanı Uluslararası antlaşmalar
651 ## - KONU KATMA GİRİŞ - COĞRAFİ ADI
Coğrafi İsim Türk Cumhuriyetleri
Genel Alt Bölümü Dış ilişkiler
Coğrafi Alt Bölümü Türkiye
651 ## - KONU KATMA GİRİŞ - COĞRAFİ ADI
Coğrafi İsim Türkiye
Genel Alt Bölümü Dış ilişkiler
Kronolojik Alt Bölümü Türk Cumhuriyetleri
700 ## - KATMA GİRİŞ - KİŞİSEL İSİM
Kişisel Ad Akgüney, Metin
700 ## - KATMA GİRİŞ - KİŞİSEL İSİM
Kişisel Ad Esmeray, Fatma Zehra
700 ## - KATMA GİRİŞ - KİŞİSEL İSİM
Kişisel Ad Şahin, Tahir Erdoğan
942 ## - EKLENDİ GİRİŞ ELEMANLARI (KOHA)
Sınıflandırma Veya Raf Düzeni Kaynak
Koha Öğesi Türü Books
999 ## - SİSTEM KONTROL NUMARALARI (KOHA)
Koha Biblionumber 5390
Koha Biblioitemnumber 5390
Holdings
Kalıcı Konum Mevcut Konum Edinme Tarihi Edinim Kaynak Toplam Check-Out'Lar Tam Çağrı Numarası Barkod Tarih Son Görülme İtibaren Geçerli Fiyatlar Koha Öğesi Türü
CHP Kütüphanesi CHP Kütüphanesi 11/17/2016 Bağış   327.561058 T96 1993 010036 11/17/2016 11/17/2016 Books